Responses for Show #1582 - Tuesday, June 18, 1991

Player introductions from audiorecording.

Contestants

[<< previous game]

Mary-Agnes Bornhoeft, an attorney and novelist from New Hyde Park, New York

Elliot Maggin, an editor from Encino, California

Brad Colgate, a college health physician from Grove City, Ohio (whose 1-day cash winnings total $14,601)

[next game >>]

Jeopardy! Round responses

ZOOLOGY
FICTIONAL CHARACTERS
SPORTS NICKNAMES
JAPAN
FRUITS & VEGETABLES
HEAD "TURNER"s
    $100 6
the Loch Ness Monster

Elliot
    $100 1
Sherlock Holmes

Elliot
    $100 14
Wilt Chamberlain

Mary-Agnes
    $100 16
China

Brad
    $100 23
papaya

Mary-Agnes
    $100 7
Ike Turner

Mary-Agnes
    $200 9
the loon

Triple Stumper
    $200 2
the Lord of the Flies

Brad
    $200 15
Ilie Nastase

Elliot
    $200 19
tea

Elliot
    $200 24
parsley

Mary-Agnes
    $200 8
Ted Turner

Brad
    $300 10
3

Mary-Agnes
    $300 3
Pip

Brad
    $300 28
(Elliot: I don't know; I drew a blank, sorry.)
...
(Alex: Former football star with the Los Angeles Rams, [*].)

Elroy Hirsch

Elliot
Triple Stumper
    $300 20
Akihito

Brad
    $300 25
Brussels sprouts

Brad
    $300 11
Lana Turner

Mary-Agnes
    $400 17
sonar

Elliot
    $400 4
Anna Karenina

Brad
    $400 29
Joe DiMaggio

Mary-Agnes
    $400 21
samurai

Elliot
    $1,000 26
peaches

Brad
    $400 12
Turner & Hooch

Mary-Agnes
    $500 18
koala bears (koalas)

Brad
    $500 5
Caliban

Triple Stumper
    $500 30
Lee Trevino

Mary-Agnes
    $500 22
sumo wrestling

Brad
    $500 27
(Elliot: What's a tomato?)
(Mary-Agnes: What is an apple?)
(Brad: What's a pear?)

a cherry

BradElliotMary-Agnes
Triple Stumper
    $500 13
Joe Turner

Triple Stumper

Scores at the first commercial break (after clue 15):

Brad Elliot Mary-Agnes
$1,100 $400 $1,200

Scores at the end of the Jeopardy! Round:

Brad Elliot Mary-Agnes
$3,300 $600 $1,900

Double Jeopardy! Round responses

EXPLORERS
3-LETTER WORDS
CLASSICAL MUSIC
MOVIE QUOTES
STATE CAPITALS
THE LOUVRE
    $200 8
Jacques Cousteau

Elliot
    $200 6
a fib

Mary-Agnes
    $200 13
Mozart

Elliot
    $200 1
Casablanca

Mary-Agnes
    $200 12
(Alex: James William [*], right.)

Denver

Brad
    $200 26
the Seine

Brad
    $400 9
Ponce de León

Elliot
    $400 7
(Mary-Agnes: What is to cut?)
(Elliot: [*]. What is [*]?)

to dub

ElliotMary-Agnes
    $400 16
(Brad: What's a "Summer Night's Dream"?)

"A Midsummer Night's Dream"

Brad
Triple Stumper
    $400 2
The Graduate

Mary-Agnes
    $400 14
Dover

Elliot
    $400 27
the French Revolution

Brad
    $600 10
Roald Amundsen

Triple Stumper
    $600 22
coo

Brad
    $2,700 17
“Appassionata”

Brad
    $1,000 3
(Alex: Yes, great film, Heathcliff to his darling Catherine.)

Wuthering Heights

Mary-Agnes
    $600 15
Sacramento

Brad
    $600 29
Hammurabi

Brad
    $800 11
Abel Tasman

Triple Stumper
    $800 23
nip

Elliot
    $800 18
Schumann

Brad
    $800 4
Treasure of the Sierra Madre

Elliot
    $800 20
Bismarck

Brad
    $800 30
Aida

Mary-Agnes
    $1000 25
(Mary-Agnes: Who is Balboa?)

Cabrillo

Mary-Agnes
Triple Stumper
    $1000 24
yin

Elliot
    $1000 19
Heitor Villa-Lobos

Triple Stumper
    $1000 5
It's a Wonderful Life

Mary-Agnes
    $1000 21
Salem (Oregon)

Mary-Agnes
    $1000 28
(Georges) Braque

Brad

Scores at the end of the Double Jeopardy! Round:

Brad Elliot Mary-Agnes
$10,800 $4,800 $5,100
(lock game)

[wagering suggestions for these scores]

Final Jeopardy! Round responses

EUROPE
ElliotWhat are Monaco and the Vatican?
$4,800
Mary-AgnesWhat are Monaco and Luxembourg?
$5,000
BradWhat are Monaco and Luxembourg?
$500
(2 of) Monaco, Liechtenstein or Andorra

Final scores:

Brad Elliot Mary-Agnes
$10,300 $0 $100
2-day champion: $24,901 3rd place: Deauville by Armitron watches + Jeopardy home game or Jeopardy! Challenger 2nd place: Michael C. Fina china + Oneida Silversmiths gift certificate + Jeopardy home game or Jeopardy! Challenger

Game dynamics:

Coryat scores:

Brad Elliot Mary-Agnes
$8,100 $4,800 $4,700
20 R
(including 2 DDs),
2 W
14 R,
2 W
16 R
(including 1 DD),
3 W

Combined Coryat: $17,600

[game clues] [game scores] [suggest correction]

Game tape date: 1991-03-13
The J! Archive is created by fans, for fans. Scraping, republication, monetization, and malicious use prohibited; this site may use cookies and collect identifying information. See terms. The Jeopardy! game show and all elements thereof, including but not limited to copyright and trademark thereto, are the property of Jeopardy Productions, Inc. and are protected under law. This website is not affiliated with, sponsored by, or operated by Jeopardy Productions, Inc. Join the discussion at JBoard.tv.